| 000 | 00718nam a2200217 a 4500 | ||
|---|---|---|---|
| 999 |
_c631 _d631 |
||
| 001 | 631 | ||
| 003 | BD-JhCC | ||
| 005 | 20171008093051.0 | ||
| 008 | 171008s1965 ii ||||| ||a| 00| 0 ben d | ||
| 035 | _a(BD-JhCC)631 | ||
| 040 |
_aBD-JhCC _dBD-JhCC |
||
| 041 | _abengla | ||
| 082 |
_a891.443 _bCHO 1965 |
||
| 100 | _aচট্রোপাধ্যায়, শরৎচন্দ্র | ||
| 245 |
_aস্বামী / _cশরৎচন্দ্র চট্রোপাধ্যায় |
||
| 260 |
_aলাহোর : _bইউনিভার্সেল পাবলিেকশান্স লিঃ, _c১৯৬৫ |
||
| 300 |
_a64 p. : _c21 cm. |
||
| 650 | _aBengali Novel | ||
| 942 |
_2ddc _cBK |
||